[Event "TV Tegernsee 1-SK Bruckmuehl 1"]
[Site "?"]
[Date "2024.10.06"]
[Round "1.3"]
[White "Wilhelm, Robert"]
[Black "Walter, Thomas"]
[Result "0-1"]
[WhiteElo "2084"]
[BlackElo "2071"]
[Annotator "Stockfish 17"]
[PlyCount "78"]
[EventDate "2024.??.??"]
[WhiteTeam "SK Bruckmühl 1"]
[BlackTeam "TV Tegernsee 1"]

{[%evp 13,78,3,2,-28,5,5,45,-26,18,-44,-13,-45,-47,-54,-51,-76,-59,-57,-40,-71,
-70,-91,-94,-93,-94,-112,-107,-124,-104,-110,-110,-112,-87,-102,-103,-95,-74,
-97,-55,-49,-47,-54,-53,-374,-382,-418,-398,-397,-396,-431,-402,-393,-375,-435,
-431,-406,-420,-466,-459,-423,-351,-641,-691,-714,-657,-853,-853]} 1. e4 c5 2.
Nc3 g6 3. g3 Bg7 4. Bg2 e6 5. d3 Nc6 6. Be3 Nd4 7. f4 Ne7 8. e5 Nef5 9. Bf2 d5
10. exd6 (10. Nce2 $142 $14) 10... Nxd6 (10... Qa5 {ist vielschichtiger.} 11.
Qd2 O-O 12. Nf3 Nxf3+ 13. Bxf3 Nxd6 14. h4 Rd8) 11. Nf3 (11. Ne4 $142 $14)
11... O-O 12. O-O Nxf3+ 13. Qxf3 Qc7 14. Ne4 Nxe4 15. Qxe4 Bd7 16. Qc4 (16.
Rab1 Bc6 17. Qc4 Bxg2 18. Kxg2) 16... Rac8 17. c3 b5 18. Qe4 Qd6 $15 19. Rad1
Bc6 $17 20. Qe2 Bxg2 21. Kxg2 Qd5+ 22. Kg1 Rfd8 (22... b4 $5) 23. a3 Qb3 $15
24. Rd2 Rd7 25. Rfd1 a5 26. d4 cxd4 27. Bxd4 Rcd8 28. Bxg7 $2 {[%mdl 8192]} ({
Günstiger ist} 28. Be3 $15 Rxd2 (28... Rd5 29. Rxd5 Rxd5 30. Rxd5 Qxd5 31. Qg2
$11) 29. Rxd2 Rxd2 30. Qxd2 $11) 28... Qxd1+ $1 $19 {[%mdl 64] [#] Verteidiger
eliminieren} 29. Qxd1 Rxd2 30. Qb3 {Und Lf6 würde nun gewinnen.} Kxg7 {
die Türme sind stärker als die Dame} 31. Qxb5 {[%mdl 4096] Endspiel KD-KTT}
Rc2 {Weiss muss nun ...Td1+ beachten.} (31... R8d5 $19 {gewinnt auch}) 32. Qf1
Rxb2 33. c4 Rbd2 34. Qf3 Rc2 35. g4 Rdd2 {[#] Und weiter mit ...Tc1+ wäre
nett.} 36. Qf1 Kf8 (36... Rxh2 37. Qa1+ Kg8 38. Qf1 Rhd2 $19) 37. f5 $2 (37. h4
) 37... gxf5 {Schwarz steht klar auf Gewinn.} 38. gxf5 exf5 39. Qa1 Rg2+ 0-1

[Event "TV Tegernsee 1-SK Bruckmuehl 1"]
[Site "?"]
[Date "2024.10.06"]
[Round "1.4"]
[White "Lettl, Gerhard"]
[Black "Caspers, Christian"]
[Result "0-1"]
[WhiteElo "1973"]
[BlackElo "2023"]
[Annotator "Stockfish 17"]
[PlyCount "88"]
[EventDate "2024.??.??"]
[WhiteTeam "TV Tegernsee 1"]
[BlackTeam "SK Bruckmühl 1"]

{[%evp 13,88,20,18,17,66,67,131,147,156,142,170,152,156,98,142,122,145,145,107,
121,108,132,169,-8,-9,-12,-10,-32,28,-89,-82,-71,-80,-90,-80,-79,-88,-142,-129,
-126,-93,-180,-64,-63,-72,-72,-68,-191,-49,-112,-92,-115,-107,-219,-188,-575,
-563,-653,-440,-586,-375,-673,-503,-483,-488,-505,-500,-528,-529,-515,-504,
-506,-452,-453,-442,-442,-429]} 1. e4 c5 2. c3 Nf6 3. e5 Nd5 4. Nf3 Nc6 5. Bc4
Nb6 6. Bb3 d5 7. exd6 Qxd6 8. Na3 (8. O-O Be6 9. Bxe6 Qxe6 10. d4 cxd4 11. Nxd4
Nxd4 12. Qxd4 Rd8 13. Qh4 $11 {Afek,Y-Ikonnikov,V Paris op 1995}) 8... Bf5 {
Droht ...Ld3 und aus.} 9. d4 cxd4 $2 (9... O-O-O $14) 10. Nb5 $16 {Weiß steht
deutlich besser.} ({Schlechter ist} 10. Nxd4 Nxd4 11. cxd4 e6 $11) 10... Qd7
11. Nbxd4 Bg6 12. Qe2 (12. a4 $142 $1 Nxd4 13. cxd4 $18) 12... e6 13. Bf4 {
Td1 ist eine echte Drohung.} Nxd4 $6 14. Nxd4 Bd6 15. Nxe6 $1 ({Jedoch nicht} 
15. Bxd6 $6 Qxd6 16. h4 h6 $14) 15... fxe6 {[#]} 16. Rd1 $1 Bxf4 17. Rxd7 Kxd7
{[#]} 18. Qxe6+ $2 {vergibt den Vorteil} (18. Qf3 $142 $1 $18 {[%cal Rf3f4]}
Bc7 19. Qxb7) 18... Kc7 $11 19. Qe7+ Nd7 20. O-O $1 Rae8 (20... Rhe8 {scheint
wilder zu sein.} 21. Qxg7 Bd6 22. Rd1 Re5 23. Qh6 Rf8) 21. Qb4 $6 (21. Qxg7 $11
{war der einzige Weg, das Gleichgewicht zu halten.} Be5 22. Qh6) 21... Bd6 $17
22. Qa5+ Nb6 {Weiss muss nun ...Te5 beachten.} 23. c4 Re5 24. Qc3 Rhe8 25. Bd1
$2 (25. Bc2 Bxc2 26. Qxc2 g6 27. g3 $15) 25... Kb8 26. b4 Bc7 (26... Re4 $1 $17
) 27. a4 $2 (27. Bf3 $17) 27... R8e7 (27... Re4 $19 28. c5 Nd5) 28. a5 $15 Nc8
29. Bf3 Nd6 30. b5 $2 (30. g3 $15) 30... Ne4 (30... Bf7 $142 $19 31. c5 Nxb5)
31. Qb4 (31. Bxe4 $15 Bxe4 32. Re1 {bleibt im Gleichgewicht}) 31... Bd6 $17 32.
Qb2 Bc5 $36 {[%mdl 2048] zielt auf ...Sxf2 ab. Schwarz ist am Drücker.} 33. g3
$2 (33. h3 $17 {war angesagt.}) 33... Ng5 34. Bd5 $2 (34. Bg2 {ist eine
bessere Chance.}) 34... Bd3 $1 $19 35. Bg2 {Weiss hofft, mit Dd2 fortzusetzen.}
Bxf1 36. Bxf1 Ne4 {Und ...Tf5 würde nun gewinnen.} 37. b6 $2 (37. Kg2) 37...
axb6 {Schwarz steht klar auf Gewinn.} 38. axb6 Nxf2 39. Kg2 Ng4 {Droht stark ..
.Se3+.} 40. Bd3 Ne3+ 41. Kh1 Nd1 42. Qd2 Nf2+ 43. Kg2 Nxd3 44. Qxd3 {[%cal
Rd3d8]} Bxb6 0-1

[Event "TV Tegernsee 1-SK Bruckmuehl 1"]
[Site "?"]
[Date "2024.10.06"]
[Round "1.5"]
[White "Kieffer, Joachim"]
[Black "Dietlmeier, Tobias"]
[Result "0-1"]
[WhiteElo "2011"]
[BlackElo "1928"]
[Annotator "Stockfish 17"]
[PlyCount "79"]
[EventDate "2024.??.??"]
[WhiteTeam "SK Bruckmühl 1"]
[BlackTeam "TV Tegernsee 1"]

{[%evp 13,79,8,17,-12,-4,-12,-12,-16,22,-24,-29,-47,-27,-28,-24,-26,-20,-29,-2,
-55,-47,-189,-9,-12,-13,-28,-34,-235,-241,-225,-213,-207,-218,-214,-202,-215,
-214,-273,-258,-381,-384,-383,-388,-380,-376,-523,-520,-513,-508,-499,-498,
-489,-487,-506,-500,-508,-507,-493,-487,-576,-573,-565,-559,-581,-575,-532,
-511,-613]} 1. Nf3 Nf6 2. g3 g6 3. Bg2 Bg7 4. c4 c6 5. d4 d5 6. O-O O-O 7. Ne5
Be6 8. Nd2 {[%cal Bb1d2,Bd2f3,Bf3e5][%mdl 32]} Nbd7 9. cxd5 cxd5 10. Ndf3 Nxe5
11. Nxe5 Qb6 12. Qa4 Rac8 13. Be3 Ng4 14. Nxg4 Bxg4 15. Bxd5 Bxe2 16. Rfc1 Rcd8
$36 {[%mdl 2048]} ({Bitte nicht} 16... Qxb2 17. Rcb1 $11) 17. Bc4 $2 (17. Qb3
$15) 17... Bxc4 $2 {[#]} ({Vergiftet wäre} 17... Qxb2 $2 18. Rab1 $18) (17...
Bxd4 $142 $19 18. Bxe2 Bxe3 19. fxe3 Qxe3+ {[%mdl 64] Doppelangriff} 20. Kf1
Rd5 $19) 18. Rxc4 $11 Qxb2 19. Rac1 b5 20. Qc2 $2 (20. Qb4 $15 Qxb4 (20... Qe2
21. R4c2 $11) 21. Rxb4) 20... Qxc2 $19 21. R4xc2 Bxd4 22. Bxd4 Rxd4 {[%mdl
4096] Endspiel KTT-KTT} 23. Rc7 Ra4 24. Rxe7 Rxa2 25. Rcc7 a5 {Schwarz steht
klar auf Gewinn} 26. Ra7 (26. Rb7 $142 b4 27. Rb6) 26... b4 {[%cal Bb5b4,Bb4b3,
Bb3b2][%mdl 32]} 27. Reb7 Ra3 28. Rb5 b3 29. Raxa5 Rxa5 {Schwarz steht klar
auf Gewinn.} 30. Rxa5 {beabsichtigt Tb5. KT-KT} Rb8 {[#] Droht stark ...b2.}
31. Ra1 b2 32. Rb1 f5 33. Kf1 Kf7 34. Ke2 Ke6 35. Kd3 Kd5 36. f3 Rb3+ 37. Kc2
Rxf3 38. Kxb2 Rf2+ 39. Kc3 Rxh2 40. Rb7 0-1

[Event "TV Tegernsee 1-SK Bruckmuehl 1"]
[Site "?"]
[Date "2024.10.06"]
[Round "1.6"]
[White "Stoib, Marinus"]
[Black "Zeindlmeier, Thomas"]
[Result "1-0"]
[WhiteElo "1908"]
[BlackElo "1980"]
[Annotator "Stockfish 17"]
[PlyCount "77"]
[EventDate "2024.??.??"]
[WhiteTeam "TV Tegernsee 1"]
[BlackTeam "SK Bruckmühl 1"]

{[%evp 21,77,49,36,22,25,18,17,16,13,-6,18,15,67,-9,38,-12,62,59,102,98,109,
-17,53,45,117,124,119,111,119,99,167,75,152,150,160,69,78,9,205,88,274,261,222,
107,220,210,274,227,280,247,370,372,341,334,29980,29981,29978,1441]} 1. Nf3 d5
2. g3 Nf6 3. Bg2 Bf5 4. O-O c6 5. d3 e6 6. Nbd2 Be7 7. b3 Nbd7 8. Bb2 h6 9. e4
dxe4 10. dxe4 Bh7 11. Qe2 O-O 12. Ne5 Nxe5 13. Bxe5 Nd7 14. Bb2 Qc7 15. Rad1
Rad8 16. f4 e5 17. Nc4 (17. f5 $14) 17... f6 18. Kh1 b5 (18... exf4 $11 19.
gxf4 Nb6) 19. Ne3 $14 Bd6 {[%cal Re5f4]} 20. f5 Nb6 21. c4 Bc5 (21... bxc4 $142
$11 22. Nxc4 Nxc4 23. Qxc4+ Kh8) 22. cxb5 Bxe3 (22... cxb5 $14 23. Rc1 Qe7) 23.
Qxe3 $16 {La3 ist eine echte Drohung.} cxb5 24. Rc1 Qd6 25. Bf3 Rc8 $6 (25...
Qd2 $16 26. Qf2 b4) 26. Be2 (26. h4 $18) 26... a6 (26... Rfd8 $142) 27. Rfd1
Rxc1 28. Qxc1 ({Bloß nicht} 28. Rxc1 Rc8 $16) (28. Bxc1 $16 Qb8 29. a4) 28...
Qb8 $14 29. Qc6 Rd8 $2 {[#]} (29... Rc8 $11 {und Schwarz ist OK.} 30. Qe6+ Kh8)
30. Ba3 (30. Rxd8+ $18 Qxd8 31. Bc3) 30... Rxd1+ $2 (30... Rc8 $16 31. Qe6+ Kh8
) 31. Bxd1 $18 Kh8 32. Bf3 (32. Bh5 $18 {bietet bessere Gewinnchancen.}) 32...
Bg8 $2 (32... Qd8 $16) 33. Bc5 $1 Nc8 34. Qxa6 Bf7 35. Be2 Be8 (35... Qc7 $142)
36. Qe6 Na7 37. Bxa7 {[%mdl 64] [#] Überlastung} Qxa7 (37... Qa8 $18 38. Kg2
Bc6) 38. Qxe8+ {[%mdl 64] Doppelangriff} Kh7 39. Bh5 {[%csl Ge8,Gf5][%cal
Rh5g6]} 1-0

[Event "TV Tegernsee 1-SK Bruckmuehl 1"]
[Site "?"]
[Date "2024.10.06"]
[Round "1.7"]
[White "Stoffel, Matthias"]
[Black "Thome, Volker"]
[Result "1-0"]
[WhiteElo "1974"]
[BlackElo "1898"]
[Annotator "Stockfish 17"]
[PlyCount "81"]
[EventDate "2024.??.??"]
[WhiteTeam "SK Bruckmühl 1"]
[BlackTeam "TV Tegernsee 1"]

{[%evp 9,81,30,35,15,24,18,24,6,6,-5,1,1,1,-4,-2,-2,3,-12,21,21,42,21,21,21,21,
21,21,25,56,24,48,17,17,17,32,-2,14,11,11,9,29,29,72,61,69,64,64,53,84,82,106,
87,115,115,114,108,153,153,153,155,173,129,191,182,194,194,351,351,427,429,
29992,29993,29993,29994]} 1. Nf3 b6 2. c3 Bb7 3. d3 e6 4. e4 Ne7 5. Be2 d6 6.
Nbd2 g6 7. Qc2 Bg7 8. Nf1 Nd7 9. Ng3 c5 10. h4 h6 11. Bf4 e5 12. Bd2 Qc7 13.
Qb3 $6 Nc6 (13... d5 $142 14. h5 g5 15. Qc2 O-O) 14. h5 Na5 $6 15. Qc2 O-O-O
16. Nh4 Nf8 17. O-O-O Kb8 18. Kb1 Bc8 19. Qc1 Be6 20. hxg6 fxg6 21. Nf3 h5 22.
Nf1 Bf6 23. Ne3 $11 Qf7 24. c4 Nc6 25. Nd5 $11 Bxd5 $6 26. cxd5 $16 Ne7 $2 (
26... Nd4 27. Nxd4 cxd4 $16) 27. Rh3 $18 Nh7 28. Ne1 Rdg8 29. Nc2 Nf8 30. Rdh1
Rh7 31. Na3 (31. g4 $1) 31... Nc8 32. Nc4 Qe7 33. g4 hxg4 34. Bxg4 {Weiß
steht auf Gewinn} Rgh8 35. Qf1 Kc7 (35... Nd7 $16 36. Rxh7 Rxh7) 36. Rxh7 $18
Rxh7 37. Rxh7 Nxh7 {[#]} (37... Qxh7 38. Bxc8 {[%mdl 64] Überlastung} Kxc8 39.
Nxd6+ Kd8) 38. Qh3 $1 b5 39. Bxc8 {Weiss droht La6 und Matt.} bxc4 (39... Ng5
$18 40. Qg4 bxc4) 40. Ba5+ Kb8 41. Ba6 {[%csl Ga6][%cal Rh3c8]} 1-0

[Event "TV Tegernsee 1-SK Bruckmuehl 1"]
[Site "?"]
[Date "2024.10.06"]
[Round "1.8"]
[White "Rassl, Bernhard"]
[Black "Jaworek, Thomas"]
[Result "1/2-1/2"]
[WhiteElo "1915"]
[BlackElo "1956"]
[Annotator "Stockfish 17"]
[PlyCount "81"]
[EventDate "2024.??.??"]
[WhiteTeam "TV Tegernsee 1"]
[BlackTeam "SK Bruckmühl 1"]

{[%evp 17,81,-29,66,69,67,64,63,68,67,67,55,54,69,69,96,105,88,96,106,115,111,
119,101,3,14,-9,0,0,26,20,28,27,29,24,27,27,22,23,24,25,22,24,26,22,28,26,24,
26,27,0,0,-3,-5,-7,0,-12,-16,-16,0,-17,0,0,0,4,6,10]} 1. e4 e6 2. d4 d5 3. e5
c5 4. c3 Nc6 5. Nf3 Qb6 6. a3 Nh6 (6... c4 7. Nbd2 Na5 8. Be2 Bd7 {wird viel
gespielt}) 7. b4 cxd4 8. cxd4 Nf5 9. Be3 (9. Bb2 Bd7 10. g4 Nfe7 11. Nc3 h5 12.
g5 Nf5 13. Na4 Qd8 {Shirov,A-Kramnik,V Amber blind 1997}) 9... Be7 (9... f6
$142 $11) 10. Bd3 $14 O-O ({Vergiftet wäre} 10... Nfxd4 $2 11. Nxd4 Nxe5 12.
Be2 $18) 11. Nc3 Nxe3 12. fxe3 $14 f6 13. exf6 Bxf6 14. Qc2 h6 15. O-O Ne7 16.
Ne5 $16 Qd8 17. Ng4 Bd7 18. Nxf6+ Rxf6 19. Rxf6 gxf6 20. e4 (20. Qf2 $16) 20...
Rc8 $11 {[#] zielt auf ...Db6 ab.} 21. Rc1 Qb6 $36 {[%mdl 2048] Weiss steht
unter Druck.} 22. Qf2 e5 (22... dxe4 {mit weiteren Verwicklungen.} 23. Bxe4 f5
24. Bf3 Qa6 25. Qe3 Qxa3 26. Qxh6 Rxc3 27. Qg5+ Kf8) 23. dxe5 Qxf2+ 24. Kxf2
fxe5 25. exd5 Nxd5 26. Nxd5 Rxc1 {[%mdl 4096] Endspiel KTL-KLS} 27. Nf6+ {
[%mdl 64] [#] Doppelangriff} Kg7 28. Nxd7 Rc3 29. Be4 (29. Nxe5 Rxa3 30. Bc4
Ra4 31. Nd3 $11) 29... Rxa3 30. Nxe5 Rb3 31. Nd3 b6 32. Ke3 a5 33. bxa5 bxa5
$11 34. Kd2 Kf6 35. Kc2 Rb8 36. Nb2 Ke5 37. Bf3 {Sc4+ ist eine echte Drohung.}
Kf4 38. Nc4 Rb5 39. Kc3 Kg5 40. Bc6 Rc5 41. Bf3 1/2-1/2

[Event "SK Starnberg 1-SV Deggendorf 2"]
[Site "?"]
[Date "2024.10.06"]
[Round "1.1"]
[White "Kuznecovs, Nikita"]
[Black "Steinmueller, Stephan"]
[Result "1/2-1/2"]
[WhiteElo "2259"]
[BlackElo "2112"]
[Annotator "Stockfish 17"]
[PlyCount "82"]
[EventDate "2024.??.??"]
[WhiteTeam "SV Deggendorf 2"]
[BlackTeam "SK Starnberg 1"]

{[%evp 9,82,60,58,51,74,66,66,64,47,55,171,163,148,88,100,47,79,28,35,25,64,68,
65,64,69,0,5,8,6,6,12,-14,-17,-41,0,-15,-12,-35,-35,-41,-48,-42,-1,-2,0,-16,
-16,-27,0,0,0,0,0,0,0,0,0,0,0,0,5,0,0,-9,0,0,17,12,9,2,21,0,7,0,0]} 1. Nf3 f5
2. d4 g6 3. Nc3 Nf6 4. Bg5 Bg7 5. e3 c6 6. h4 Ne4 7. Nxe4 fxe4 8. Nd2 d5 9. c4
Na6 $2 (9... h6 10. Bf4 O-O) 10. cxd5 $1 $18 cxd5 11. Bxa6 (11. Qb3 $1 h6 12.
Bf4 O-O 13. Nxe4 Rf7 14. Nc3 {mit großem Vorteil}) 11... bxa6 12. Qa4+ Qd7 13.
Qxd7+ Bxd7 14. Rc1 {die Stellung ist wieder verflacht} Rc8 15. Rxc8+ Bxc8 16.
Bf4 Bg4 17. Bb8 (17. Nb3 $14) 17... O-O 18. Bxa7 Rc8 {[%cal Rc8c1] [#]} 19. Bc5
e5 {Droht stark ...exd4.} 20. Nb3 exd4 21. exd4 a5 {[%cal Ba6a5,Ba5a4][%mdl 32]
Droht ...a4 und aus.} 22. O-O a4 23. Na1 Be2 {Weiss muss nun ...Lxd4! beachten.
} 24. Re1 Bd3 25. b3 Bh6 26. bxa4 Ra8 27. Nb3 Rxa4 28. a3 Bc2 29. Nc1 $11 Bd2
30. Re2 e3 31. fxe3 Bxc1 32. Rxc2 Bxe3+ $11 {[%mdl 4160] [#] Endspiel
Doppelangriff. KTL-KTL} 33. Kf1 Bxd4 34. Bb4 Be3 35. Rc8+ Kf7 36. Rc7+ Kg8 37.
Ke2 d4 38. Rc8+ Kf7 39. Rc7+ Kg8 40. Kd3 h5 41. Rd7 Bc1 1/2-1/2

[Event "SK Starnberg 1-SV Deggendorf 2"]
[Site "?"]
[Date "2024.10.06"]
[Round "1.2"]
[White "Gschwendtner, Klaus"]
[Black "Tauber, Rainer"]
[Result "1/2-1/2"]
[WhiteElo "2080"]
[BlackElo "1982"]
[Annotator "Stockfish 17"]
[PlyCount "57"]
[EventDate "2024.??.??"]
[WhiteTeam "SK Starnberg 1"]
[BlackTeam "SV Deggendorf 2"]

{[%evp 12,57,30,-9,-11,-15,-13,-21,-7,-10,10,-13,-9,-5,-7,-12,-11,-27,-39,-39,
7,6,8,2,9,12,26,-16,-21,-29,1,-25,-8,-21,-20,-35,-37,-56,-51,-107,-15,-18,-18,
-9,0,-13,-16,-13]} 1. Nf3 c5 2. e4 Nc6 3. Bb5 Nf6 4. Nc3 g6 5. O-O Bg7 6. Re1
O-O 7. h3 Nd4 8. Bf1 d6 9. d3 Rb8 10. Nxd4 cxd4 11. Ne2 e5 12. c3 dxc3 13. Nxc3
d5 {Schwarz hat bequemen ausgleich} 14. Bg5 d4 15. Nd5 Be6 16. g3 Bxd5 17. exd5
Qxd5 18. Bg2 Qd6 19. Bxf6 Bxf6 20. h4 Qb4 21. Qe2 Rfc8 22. Bd5 Rc7 23. h5 Qd6
24. Qf3 Kg7 25. Rac1 $6 Bg5 (25... Re7 $17 26. Rc2 Bg5 27. Bb3 f5 $17) 26. Rxc7
$11 Qxc7 27. Qe4 Bf6 28. Qf3 {[#] h6+! ist eine echte Drohung.} Bg5 29. Qe4 $11
1/2-1/2

[Event "SK Starnberg 1-SV Deggendorf 2"]
[Site "?"]
[Date "2024.10.06"]
[Round "1.3"]
[White "Doerfler, Guenther"]
[Black "Szalewa, Sven"]
[Result "1/2-1/2"]
[WhiteElo "1973"]
[BlackElo "2061"]
[Annotator "Stockfish 17"]
[PlyCount "65"]
[EventDate "2024.??.??"]
[WhiteTeam "SV Deggendorf 2"]
[BlackTeam "SK Starnberg 1"]

{[%evp 9,65,5,12,13,10,-6,6,7,12,10,47,40,41,33,32,21,30,12,33,19,17,10,34,
-123,-103,-99,-104,-104,244,221,254,9,14,-14,14,43,37,-31,-39,-36,-41,-50,21,
-20,-19,-27,-24,-23,1,0,8,6,0,-1,-1,-4,0,-2]} 1. e4 e6 2. d4 d5 3. exd5 exd5 4.
Bd3 Bd6 5. h3 Nf6 6. Nf3 h6 7. Qe2+ Qe7 8. Qxe7+ Kxe7 9. Nc3 c6 10. O-O Re8 11.
Re1+ Kf8 12. Rxe8+ {es scheint, Weiß will ein schnelles Remis} Kxe8 13. Nh4 b5
14. a3 a5 15. Bd2 Ra7 16. Bxb5 $2 (16. Nf3 $14 {behält die Oberhand.}) 16...
cxb5 17. Nxb5 Ra6 18. Bxa5 {[#]} Bf4 $2 {[%mdl 8192]} (18... Kd7 $17 19. Nxd6
Kxd6 20. Bb4+ Kc7 {hält den Vorteil fest}) 19. Bc7 $1 $18 {[%mdl 1024] Weiss
hat starke Kompensation.} Bg5 20. Re1+ $2 ({Nicht} 20. Bxb8 Rb6 $11) (20. Nf3
$18 Ne4 21. Re1 Bd8 22. Bxb8 Rb6 23. Nd6+ {mit Gewinn}) 20... Kd7 $11 21. Nf5 {
f4 ist eine echte Drohung.} Nc6 22. f4 Ne8 {[#]} 23. fxg5 (23. Rxe8 $1 $14 Kxe8
24. Nfd6+ {[%mdl 64] Doppelangriff} Kd7 25. fxg5) 23... Nxc7 $15 24. gxh6 gxh6
25. Nbd6 {[#]} Ne6 (25... Nxd4 $1 $15 26. Re7+ Kc6 27. Nxd4+ Kxd6 28. Rxf7 Ne6
29. Nf5+ Ke5 30. Nxh6 Rb6) 26. Nxf7 Nexd4 27. Nxd4 Nxd4 28. Rd1 Nxc2 {zielt
auf ...Lb7 ab.} (28... Ne2+ {sieht schärfer aus.} 29. Kh2 Ke7 30. Ne5 Nf4 31.
Rd4 Re6) 29. Rxd5+ Ke6 30. Rc5 Kxf7 31. Rxc2 Be6 32. Kh2 Rd6 33. Re2 1/2-1/2

[Event "SK Starnberg 1-SV Deggendorf 2"]
[Site "?"]
[Date "2024.10.06"]
[Round "1.4"]
[White "Ponater, Michael"]
[Black "Bielmeier, Ludwig"]
[Result "0-1"]
[WhiteElo "2034"]
[BlackElo "1939"]
[Annotator "Stockfish 17"]
[PlyCount "86"]
[EventDate "2024.??.??"]
[WhiteTeam "SK Starnberg 1"]
[BlackTeam "SV Deggendorf 2"]

{[%evp 16,86,72,46,78,42,41,39,39,-9,-17,-53,0,0,0,0,0,0,-1,1,3,-2,-8,-50,-50,
-51,-53,-199,-199,-228,-159,-168,-57,-54,-56,-76,-75,-341,-250,-245,-196,-343,
-322,-495,-494,-493,-479,-475,-472,-449,-429,-431,-403,-403,-386,-407,-410,
-405,-394,-412,-386,-390,-382,-377,-337,-451,-429,-490,-485,-482,-486,-480,
-464]} 1. g3 c6 2. c4 Nf6 3. Nf3 d6 4. d4 Nbd7 5. Nc3 e5 6. Bg2 Be7 7. O-O O-O
8. Qc2 Re8 9. h3 Qc7 10. Bg5 h6 11. Be3 Nf8 12. dxe5 dxe5 13. Nh4 Ne6 $11 14.
Nf5 Bf8 15. Rad1 Bd7 16. Rd2 Rad8 17. Rfd1 (17. Bxa7 $2 b6 $19) 17... Bc8 18.
Ne4 ({Bitte nicht} 18. Bxa7 $2 Rxd2 19. Rxd2 b6) 18... Nxe4 19. Qxe4 Nd4 20.
Nxd4 exd4 21. Bf4 $2 (21. Qf4 $1 $15 Qxf4 22. Bxf4) 21... Qa5 $19 22. Qb1 Bf5 (
22... g5 $19 {gewinnt schnell}) 23. Qc1 Bb4 (23... d3 $19 24. exd3 Bb4) 24.
Rxd4 $15 Rxd4 25. Rxd4 Rxe2 $15 {[#] Droht stark ...Te1+.} 26. Rd1 {[%mdl 8192]
} (26. Bf1 $17 Re1 27. Rd1 Rxd1 28. Qxd1) 26... Qxa2 $19 (26... Bc5 $19 {
gewinnt auch}) 27. g4 Bg6 28. Bf3 (28. Bf1 {kämpft weiter.} Rxb2 29. Qe3)
28... Rxb2 $19 {Schwarz gewinnt} 29. Be5 (29. Rd8+ $142 Kh7 30. Qe3) 29... Rb1
30. Qe3 Rxd1+ 31. Bxd1 Qb1 32. Qb3 Qxb3 33. Bxb3 {[%mdl 4096] Endspiel KLL-KLL}
Bc5 34. Kg2 Bd3 35. Kf3 f6 36. Bc3 Kf7 37. h4 g6 38. Kg3 g5 39. f4 Be2 40. hxg5
hxg5 {Schwarz steht klar auf Gewinn.} 41. fxg5 fxg5 42. Bd2 Kg6 43. Bc2+ Kh6
0-1

[Event "SK Starnberg 1-SV Deggendorf 2"]
[Site "?"]
[Date "2024.10.06"]
[Round "1.5"]
[White "Grabmeier, Johannes"]
[Black "Flemming, Achim"]
[Result "0-1"]
[WhiteElo "1909"]
[BlackElo "2015"]
[Annotator "Stockfish 17"]
[PlyCount "96"]
[EventDate "2024.??.??"]
[WhiteTeam "SV Deggendorf 2"]
[BlackTeam "SK Starnberg 1"]

{[%evp 9,95,-39,-22,-25,-23,-21,-18,-21,1,-64,-60,-48,-39,-82,-81,-129,-119,
-102,-102,-135,-62,-67,-68,-265,-252,-236,-229,-237,-237,-231,-206,-229,-192,
-216,-208,-246,-243,-247,-254,-236,-254,-399,-417,-489,-467,-455,-344,-334,
-365,-340,-284,-285,-288,-307,-271,-285,-281,-382,-363,-407,-287,-295,-238,
-218,-135,-133,-136,-135,-127,-123,-126,-481,-485,-527,-520,-769,-761,-29995,
-29996,-29996,-29997,-29997,-29998,-29998,-29998,-29998,-29999,-29999]} 1. b3
d5 2. e3 Nf6 3. Bb2 Bf5 4. f4 e6 5. Nf3 Nbd7 6. g3 Bd6 7. Bg2 O-O 8. O-O h6 9.
Re1 (9. d3 $142 $11) 9... a5 $15 10. a4 c6 11. Ba3 $6 (11. d3 $142 Re8 12. Nbd2
e5 13. e4 $15) 11... Qe7 12. Nd4 $6 Bg4 $1 $17 13. Bxd6 Qxd6 14. Bf3 $6 Bxf3 {
vergibt viel Vorteil} (14... h5 $142 $17) 15. Nxf3 e5 {[#]} 16. f5 $2 (16. d4
exd4 17. exd4 {hält den Nachteil geringer}) 16... e4 $19 {Weiß gerät in
eine schwierige Lage} 17. Nh4 Ne5 18. d4 exd3 19. cxd3 Rae8 20. Ra2 Kh7 21. Rf2
Re7 22. d4 Neg4 {[%mdl 64] Doppelangriff} 23. Rf3 {Droht h3.} Rfe8 {der Druck
wächst} 24. Ng2 {und nun wäre h3 stark für Weiss.} Ne4 25. Nd2 $2 (25. Rf4 {
war nötig.} h5 26. Re2) 25... Ng5 {Und ...Sh3+ würde nun gewinnen.} 26. Qc2 {
Weiss hofft, mit f6+ fortzusetzen.} Nxf3+ 27. Nxf3 f6 (27... Nxe3 28. Nxe3 Rxe3
29. Rxe3 Rxe3 $19 {ging ohne Probleme}) 28. Qd2 Qb4 29. Qd3 {beabsichtigt h3.}
h5 30. h3 Nh6 {[%cal Bg4h6,Bh6f7,Bf7d6,Bd6e4][%mdl 32]} 31. Kf2 Nf7 32. Nf4 Nd6
33. Nxh5 Ne4+ 34. Kg2 Kg8 35. Nf4 Ng5 {Und weiter mit ...Sxf3 wäre nett.} (
35... b5 36. axb5 Qxb5 $19 {war einfacher}) 36. Re2 Nxf3 (36... Ne4 $19 {
mit dauerhaftem Vorteil}) 37. Kxf3 Re4 $17 {der Vorteil hat sich etwas
reduziert} 38. Ne6 Qd6 39. g4 Kf7 {Droht stark ...Th8.} 40. Nc5 $2 {[%mdl 8192]
[#]} (40. Nf4 $17 {leistet mehr Widerstand.}) (40. Rg2 g6 41. Kf2 $17 {war
auch zäh}) 40... b6 $1 41. Ne6 Rh8 {Schwarz geht über zum direkten Angriff}
42. Kg2 {[#]} Rxg4+ $1 {[%mdl 512]} 43. hxg4 (43. Kf1 Rxh3) 43... Qh2+ {
Schwarz setzt Matt.} 44. Kf1 Qh1+ 45. Kf2 Rh2+ 46. Kg3 Qg1+ 47. Kf3 Rh3+ 48.
Kf4 Qg3# 0-1

[Event "SK Starnberg 1-SV Deggendorf 2"]
[Site "?"]
[Date "2024.10.06"]
[Round "1.6"]
[White "Litzka, Matthias"]
[Black "Bauer, Bernd"]
[Result "1/2-1/2"]
[WhiteElo "2008"]
[BlackElo "1903"]
[Annotator "Stockfish 17"]
[PlyCount "63"]
[EventDate "2024.??.??"]
[WhiteTeam "SK Starnberg 1"]
[BlackTeam "SV Deggendorf 2"]

{[%evp 15,63,33,39,26,29,32,42,37,33,33,44,20,18,-19,-19,2,67,61,54,43,46,0,85,
50,141,116,159,51,131,106,145,141,131,88,107,47,48,52,52,4,2,2,17,11,17,4,0,1,
-1,-5]} 1. c4 c6 2. Nc3 d5 3. cxd5 cxd5 4. d4 Nc6 5. Bf4 Nf6 6. e3 a6 7. Rc1 e6
8. Bd3 Bd6 9. Bxd6 (9. Bg5 {ist interessant.} h6 10. Bh4 Qb6 11. Qe2 g5 12. Bg3
) 9... Qxd6 10. f4 b5 {[%cal Bb7b5,Bb5b4][%mdl 32]} 11. Nf3 Bb7 12. O-O O-O 13.
g4 Ne7 14. Nd2 b4 15. Na4 Ne4 (15... Bc6 $11) 16. Nc5 Nxc5 17. Rxc5 Rfc8 18.
Nb3 g6 $6 (18... Bc6 $11 {bleibt in der Remisbreite.}) 19. Qd2 Qb6 $6 (19... a5
$14) 20. Rfc1 $16 Kg7 21. R1c2 (21. h4 $16) 21... Rc6 ({Günstiger ist} 21...
Bc6 $14) 22. Qe1 Rac8 23. Qh4 Ng8 {[%cal Be7g8,Bg8f6,Bf6d7][%mdl 32]} 24. Qg3
Nf6 25. Rxc6 (25. h4 $142 $1) 25... Rxc6 26. Nc5 {zielt auf f5 ab.} Bc8 $1 27.
Qg2 Nd7 $11 {[%cal Rd7c5]} 28. Nb3 Qc7 29. Rxc6 Qxc6 30. Qc2 Qxc2 31. Bxc2 Nb6
32. Nd2 1/2-1/2